| 000 | 00661cam a22002172 4500 | ||
|---|---|---|---|
| 001 | 0000008740 | ||
| 005 | 20151217155216.0 | ||
| 008 | 080523s xx 000 0 eng d | ||
| 020 | _cKES1,100 | ||
| 040 |
_aKABU _cKABU |
||
| 050 | 0 |
_aHJ3043 _b.S773 |
|
| 110 | 2 |
_aStrathmore University. _bDistance Learning Centre. _@0000150769 |
|
| 245 | 1 | 0 |
_aTaxation II : _bSubject no. 15 revision kit. |
| 260 |
_aNairobi : _bS.U.P, _c2007. |
||
| 300 | _axi, 198, [14] p. | ||
| 500 | _aWith June & December 2006 question papers. | ||
| 650 | 0 |
_aTaxation _zKenya. _@0000152741 |
|
| 908 | _a080523 | ||
| 950 | _@1 | ||
| 999 |
_c12008 _d12008 |
||